000 00831nam a22002777a 4500
001 BR8104510
003 BR-BrBNA
005 20230928091019.0
007 ta
008 230509b bl.||||| |||| 00| 0 por d
040 _aBR-BrBNA
_bpor
_cBiblioteca Nacional de Agricultura
041 _a(Por)
072 _aF00; C00
_b0336
_b/G514
090 _ 0336 BR8104510
100 1 _aParo, H.
110 1 _aEmpresa de Assistencia Tecnica e Extensao Rural do Estado de Mato Grosso, Cuiaba (Brasil)
_94017
245 1 _aRelatorio de conclusao das unidades de observacao: soja; safra 80/81 [Mato Grosso, Brasil]
260 3 _aCuiaba, MT (Brasil):
_c1981.
300 _a14 p.
650 _aSOJA
650 _aSAFRA
650 _aTECNOLOGIA AGRICOLA
650 _aMATO GROSSO
909 _a202309
_bLucia
_c55
_dLucia Elande
942 _cBK
999 _c31758
_d31758